Social psychology and social work Vol.2 (Record no. 231696)
[ view plain ]
| 000 -LEADER | |
|---|---|
| fixed length control field | 00789nam a22002057a 4500 |
| 005 - DATE AND TIME OF LATEST TRANSACTION | |
| control field | 20240902114136.0 |
| 008 - FIXED-LENGTH DATA ELEMENTS--GENERAL INFORMATION | |
| fixed length control field | 240902b ||||| |||| 00| 0 eng d |
| 020 ## - INTERNATIONAL STANDARD BOOK NUMBER | |
| International Standard Book Number | 9788192764375 |
| 040 ## - CATALOGING SOURCE | |
| Transcribing agency | AL |
| 041 ## - LANGUAGE CODE | |
| Language code of text/sound track or separate title | eng |
| 082 ## - DEWEY DECIMAL CLASSIFICATION NUMBER | |
| Edition number | 23 |
| Classification number | 361.3 |
| Item number | AGAS |
| 100 ## - MAIN ENTRY--PERSONAL NAME | |
| Personal name | Agrawal N K |
| 9 (RLIN) | 178442 |
| 245 ## - TITLE STATEMENT | |
| Title | Social psychology and social work Vol.2 |
| 260 ## - PUBLICATION, DISTRIBUTION, ETC. | |
| Place of publication, distribution, etc. | Jaipur |
| Name of publisher, distributor, etc. | Corner Stone Press |
| Date of publication, distribution, etc. | 2024 |
| 300 ## - PHYSICAL DESCRIPTION | |
| Extent | 250p. |
| Other physical details | HB |
| Dimensions | 23.8x15.5cm. |
| 365 ## - TRADE PRICE | |
| Source of price type code | General |
| Price type code | 44 |
| Price amount | ₹1277.50 |
| Currency code | ₹ |
| Unit of pricing | ₹1750.00 |
| Price note | 27% |
| Price effective from | 20-08-2024 |
| 520 ## - SUMMARY, ETC. | |
| Summary, etc. | Social psychology; social psychology theories; behavioral theories; cognitive theories; attribution; developmental theories; humanist theories; personality theories; learning theories.<br/> |
| 650 ## - SUBJECT ADDED ENTRY--TOPICAL TERM | |
| Source of heading or term | Social problems and services |
| Topical term or geographic name entry element | Social work |
| 9 (RLIN) | 178443 |
| 942 ## - ADDED ENTRY ELEMENTS (KOHA) | |
| Source of classification or shelving scheme | Dewey Decimal Classification |
| Koha item type | Book |
| Withdrawn status | Lost status | Source of classification or shelving scheme | Damaged status | Not for loan | Collection code | Home library | Current library | Date acquired | Source of acquisition | Cost, normal purchase price | Total Checkouts | Full call number | Barcode | Date last seen | Cost, replacement price | Price effective from | Koha item type |
|---|---|---|---|---|---|---|---|---|---|---|---|---|---|---|---|---|---|
| Dewey Decimal Classification | MSW | St Aloysius PG Library | St Aloysius PG Library | 08/31/2024 | Saraswathi Publishers and Distributors | 1277.50 | 361.3 AGAS | PG024758 | 09/02/2024 | 1750.00 | 09/02/2024 | Book |